[Event "4th Banja Luka it"]
[Site "Banja Luka YUG"]
[Date "1981.04.14"]
[Round "1"]
[White "Farago, Ivan"]
[Black "Sax, Gyula"]
[Result "1/2-1/2"]
[WhiteElo "2535"]
[BlackElo "2560"]
[EventDate "1981.04.14"]
[PlyCount "26"]

1.c4 g6 2.Nc3 c5 3.Nf3 Bg7 4.g3 Nc6 5.Bg2 Nf6 6.d3 O-O 7.Bd2 d6 8.O-O Rb8 
9.a3 a6 10.Rb1 b5 11.cxb5 axb5 12.b4 cxb4 13.axb4 Bd7 1/2-1/2

[Event "4th Banja Luka it"]
[Site "Banja Luka YUG"]
[Date "1981.04.14"]
[Round "1"]
[White "Mihaljcisin, Mihajlo"]
[Black "Vukic, Milan"]
[Result "0-1"]
[WhiteElo "2325"]
[BlackElo "2505"]
[EventDate "1981.04.14"]
[PlyCount "102"]

1.e4 c5 2.c3 d5 3.exd5 Qxd5 4.d4 e6 5.Nf3 Nc6 6.Bd3 Nf6 7.O-O Be7 8.Be3 
O-O 9.Qe2 Qh5 10.Nbd2 Nd5 11.Ne4 Nxe3 12.fxe3 b6 13.Ng3 Qh6 14.Be4 Bb7 15.
Ne5 Nxe5 16.Bxb7 Rab8 17.Be4 Nd7 18.Bc2 Bd6 19.Rf3 Nf6 20.h3 Bxg3 21.Rxg3 
e5 22.dxe5 Nd7 23.Rf1 Nxe5 24.Rf5 Qd6 25.Qh5 Ng6 26.Rgf3 Rbe8 27.Bb3 Re7 
28.Rd5 Qc7 29.Bc2 Rfe8 30.Ba4 Rb8 31.Bc2 Nf8 32.Rd1 Rd8 33.Rdf1 Rd2 34.
R1f2 Rxf2 35.Kxf2 Qd6 36.Bb3 g6 37.Qd5 Qc7 38.a4 h6 39.Ke2 Kg7 40.Qc4 Ne6 
41.h4 h5 42.g3 Rd7 43.e4 Nd8 44.Rd3 Re7 45.Kf2 Nc6 46.Qd5 Ne5 47.Rd1 Ng4+ 
48.Kf3 Re6 49.e5 Rxe5 50.Qd6 Rf5+ 51.Kg2 Qb7+ 0-1

[Event "4th Banja Luka it"]
[Site "Banja Luka YUG"]
[Date "1981.04.14"]
[Round "1"]
[White "Hausner, Ivan"]
[Black "Tseshkovsky, Vitaly"]
[Result "0-1"]
[WhiteElo "2460"]
[BlackElo "2530"]
[EventDate "1981.04.14"]
[PlyCount "74"]

1.d4 Nf6 2.c4 c5 3.Nf3 cxd4 4.Nxd4 b6 5.Nc3 Bb7 6.Bg5 a6 7.Bxf6 gxf6 8.e4 
e6 9.g3 Bb4 10.Bg2 Bxc3+ 11.bxc3 Qc7 12.O-O d6 13.Re1 Nd7 14.Qh5 Ke7 15.
Rad1 Rab8 16.Bf1 Qc5 17.Qe2 h5 18.Nb3 Qc7 19.h4 Rbg8 20.Rd4 Ne5 21.Red1 
Rd8 22.Bg2 Rhg8 23.Nd2 Qc5 24.Nf1 Bc6 25.Ne3 Ba4 26.Rb1 Rb8 27.Qb2 Nc6 28.
Rd2 Rxg3 29.fxg3 Qxe3+ 30.Rf2 Ne5 31.Qd2 Qxg3 32.Qf4 Qxf4 33.Rxf4 Bc2 34.
Rbf1 Bd3 35.R1f2 Rg8 36.Rxf6 Bxe4 37.R6f4 f5 0-1

[Event "4th Banja Luka it"]
[Site "Banja Luka YUG"]
[Date "1981.04.15"]
[Round "2"]
[White "Filipovic, Branko"]
[Black "Tseshkovsky, Vitaly"]
[Result "0-1"]
[WhiteElo "2215"]
[BlackElo "2530"]
[EventDate "1981.04.14"]
[PlyCount "66"]

1.e4 c5 2.Nf3 d6 3.d4 cxd4 4.Nxd4 Nf6 5.Nc3 a6 6.Bg5 Nc6 7.Be2 e6 8.O-O 
Be7 9.Be3 Bd7 10.f4 O-O 11.Qe1 b5 12.a3 Qc7 13.Qg3 d5 14.Nxc6 Bxc6 15.e5 
Ne4 16.Qh3 d4 17.Bxd4 Rfd8 18.Nxe4 Rxd4 19.Nf2 Rxf4 20.Ng4 Rxf1+ 21.Rxf1 
Be4 22.Bd3 Bxd3 23.cxd3 Rd8 24.Kh1 Bg5 25.Qh5 h6 26.h4 Bf4 27.g3 g6 28.
Nf6+ Kg7 29.Qg4 Bxe5 30.Nh5+ Kh7 31.Nf4 Bxb2 32.h5 g5 33.Ng2 Bd4 0-1

[Event "4th Banja Luka it"]
[Site "Banja Luka YUG"]
[Date "1981.04.15"]
[Round "2"]
[White "Vukic, Milan"]
[Black "Cebalo, Miso"]
[Result "1-0"]
[WhiteElo "2505"]
[BlackElo "2510"]
[EventDate "1981.04.14"]
[PlyCount "136"]

1.d4 Nf6 2.c4 e6 3.Nf3 c5 4.d5 exd5 5.cxd5 d6 6.Nc3 g6 7.e4 Bg7 8.Bg5 h6 
9.Bh4 a6 10.Nd2 b5 11.Be2 Nbd7 12.Qc2 c4 13.O-O O-O 14.b4 cxb3 15.Nxb3 Bb7
16.Rac1 Rc8 17.Qb1 Qb6 18.Kh1 Rfe8 19.Bd3 Ng4 20.h3 Ne3 21.fxe3 Bxc3 22.
Bf2 Bg7 23.Rxc8 Rxc8 24.Rc1 Rxc1+ 25.Qxc1 a5 26.Qa3 Bc3 27.Nd4 b4 28.Qa4 
Ne5 29.Be2 Kg7 30.Qe8 Ba6 31.Bh4 Bxd4 32.exd4 Qxd4 33.Bxa6 Qxe4 34.Bg3 
Qxd5 35.Qa4 Qc5 36.Qd1 Qc3 37.Kh2 Qc5 38.Bb7 Qb6 39.Bd5 Qc5 40.Bb3 f5 41.
Qd2 g5 42.Bf2 Qc6 43.Qd4 Kg6 44.Qa7 g4 45.Bg3 gxh3 46.Kxh3 Qc3 47.Qe7 Qd3 
48.Bc2 Qxc2 49.Qxd6+ Kf7 50.Qd5+ Kg6 51.Qe6+ Kg5 52.Qe7+ Kg6 53.Bxe5 Qd3+ 
54.Kh2 Qe4 55.Qf6+ Kh5 56.Qf7+ Kg5 57.Qe7+ Kh5 58.Qe8+ Kg5 59.Qd8+ Kg6 60.
Qg8+ Kh5 61.Qf7+ Kg5 62.Bf6+ Kf4 63.Bg7 Ke3 64.Bxh6+ Kf2 65.Qa7+ Kf1 66.
Qa6+ Qe2 67.Qxe2+ Kxe2 68.Kg3 a4 1-0

[Event "4th Banja Luka it"]
[Site "Banja Luka YUG"]
[Date "1981.04.18"]
[Round "2"]
[White "Sax, Gyula"]
[Black "Mihaljcisin, Mihajlo"]
[Result "1-0"]
[WhiteElo "2560"]
[BlackElo "2325"]
[EventDate "1981.04.14"]
[PlyCount "116"]

1.e4 c5 2.Nf3 Nc6 3.d4 cxd4 4.Nxd4 Nf6 5.Nc3 d6 6.g3 g6 7.Bg2 Nxd4 8.Qxd4 
Bg7 9.O-O O-O 10.h3 Be6 11.Qd1 Rc8 12.Re1 Re8 13.Be3 Qa5 14.Ne2 a6 15.c3 
Qc7 16.Nf4 Bd7 17.Qd2 e6 18.Nd3 Bc6 19.Bf4 Rcd8 20.Nb4 Bb5 21.c4 e5 22.Bg5
Bc6 23.Rac1 Rc8 24.Red1 Red8 25.Qe3 Re8 26.Qd2 Red8 27.h4 Qe7 28.Bh3 Ra8 
29.b3 Qf8 30.Nxc6 bxc6 31.Qa5 h6 32.Be3 Rab8 33.f3 Qe7 34.Rc2 Nh5 35.Kg2 
Bf6 36.Bg4 Kh7 37.Qxa6 Ng7 38.Rcd2 Ra8 39.Qxc6 h5 40.Bh3 Ne6 41.Bxe6 Qxe6 
42.Rxd6 Rxa2+ 43.Bf2 Rxd6 44.Rxd6 Rxf2+ 45.Kxf2 Qh3 46.Rd1 Qh2+ 47.Ke3 Kg7
48.Qc5 Qxg3 49.Ke2 Bxh4 50.Qg1 Qf4 51.c5 Qf6 52.Rd6 Qe7 53.Qc1 Qa7 54.Qc3 
Bg3 55.c6 h4 56.c7 h3 57.c8=Q Qf2+ 58.Kd1 Qg1+ 1-0

[Event "4th Banja Luka it"]
[Site "Banja Luka YUG"]
[Date "1981.04.16"]
[Round "3"]
[White "Farago, Ivan"]
[Black "Filipovic, Branko"]
[Result "0-1"]
[WhiteElo "2535"]
[BlackElo "2215"]
[EventDate "1981.04.14"]
[PlyCount "78"]

1.d4 Nf6 2.c4 g6 3.Nc3 d5 4.Bf4 Bg7 5.e3 c5 6.dxc5 Qa5 7.Rc1 Ne4 8.cxd5 
Nxc3 9.Qd2 Qxa2 10.bxc3 Qa5 11.Bc4 Nd7 12.Ne2 Ne5 13.Ba2 Qxc5 14.O-O O-O 
15.c4 a5 16.e4 Qb4 17.Qc2 Qa3 18.Nc3 Bd7 19.Rfd1 Rfd8 20.Nb1 Qd6 21.Kh1 g5
22.Bxg5 Bg4 23.f4 Bxd1 24.Qxd1 Ng6 25.f5 Ne5 26.Qe2 Bh6 27.h4 Bxg5 28.hxg5
b5 29.Rf1 bxc4 30.Nc3 Rab8 31.f6 exf6 32.gxf6 Kh8 33.Qh5 Rg8 34.Rf5 Rb2 
35.Rxe5 Qxf6 36.Bxc4 Rbxg2 37.Rf5 Rg1+ 38.Kh2 R8g2+ 39.Kh3 Qxc3+ 0-1

[Event "4th Banja Luka it"]
[Site "Banja Luka YUG"]
[Date "1981.04.16"]
[Round "3"]
[White "Cebalo, Miso"]
[Black "Sax, Gyula"]
[Result "1/2-1/2"]
[WhiteElo "2510"]
[BlackElo "2560"]
[EventDate "1981.04.14"]
[PlyCount "26"]

1.c4 g6 2.Nc3 c5 3.Nf3 Bg7 4.e3 Nf6 5.Be2 O-O 6.O-O Nc6 7.d4 cxd4 8.exd4 
d5 9.h3 dxc4 10.Bxc4 Na5 11.Be2 Be6 12.Bf4 Rc8 13.Rc1 Nd5 1/2-1/2

[Event "4th Banja Luka it"]
[Site "Banja Luka YUG"]
[Date "1981.04.16"]
[Round "3"]
[White "Tseshkovsky, Vitaly"]
[Black "Lakic, Nikola"]
[Result "1-0"]
[WhiteElo "2530"]
[BlackElo "2355"]
[EventDate "1981.04.14"]
[PlyCount "151"]

1.e4 c5 2.Nf3 d6 3.Nc3 a6 4.g3 Nc6 5.Bg2 g6 6.d4 Bg4 7.Ne2 Bg7 8.c3 cxd4 
9.cxd4 Nf6 10.h3 Bxf3 11.Bxf3 O-O 12.O-O e5 13.d5 Nd4 14.Nxd4 exd4 15.Qxd4
Re8 16.Qb4 a5 17.Qa4 b5 18.Qxb5 Nxe4 19.Re1 Rb8 20.Qa4 f5 21.Bxe4 Rb4 22.
Qc2 Rexe4 23.Rxe4 Rxe4 24.Be3 h5 25.h4 Qb8 26.Rb1 Qb5 27.Qd2 Rb4 28.b3 a4 
29.Qd1 Be5 30.Kg2 Bd4 31.Bxd4 Qxd5+ 32.Qf3 Qxd4 33.Qa8+ Kh7 34.Re1 Qg7 35.
Qd8 Re4 36.Rxe4 fxe4 37.Qxd6 axb3 38.axb3 Qf7 39.Qb6 Qd5 40.Kh2 Kg7 41.b4 
Qd2 42.b5 Qb2 43.Kg1 e3 44.Qa7+ Kg8 45.Qb8+ Kg7 46.Qb7+ Kh6 47.fxe3 Qe2 
48.b6 Qxe3+ 49.Kg2 Qc5 50.Qc7 Qd5+ 51.Kh2 Qa2+ 52.Kg1 Qa1+ 53.Kf2 Qd4+ 54.
Ke2 Qe4+ 55.Kd2 Qd4+ 56.Kc2 Qa4+ 57.Kc3 Qa3+ 58.Kc4 Qa4+ 59.Kc5 Qa3+ 60.
Kb5 Qb3+ 61.Ka6 Qa4+ 62.Kb7 Qe4+ 63.Kb8 Qe8+ 64.Qc8 Qe5+ 65.Ka7 Qa5+ 66.
Qa6 Qc5 67.Qa1 Kh7 68.Qf6 Qe3 69.Qf7+ Kh8 70.Qf4 Qe6 71.Qd4+ Kh7 72.b7 
Qa2+ 73.Kb6 Qb3+ 74.Kc6 Qxg3 75.Qd6 Qg2+ 76.Kc7 1-0

[Event "4th Banja Luka it"]
[Site "Banja Luka YUG"]
[Date "1981.04.17"]
[Round "4"]
[White "Filipovic, Branko"]
[Black "Lakic, Nikola"]
[Result "1/2-1/2"]
[WhiteElo "2215"]
[BlackElo "2355"]
[EventDate "1981.04.14"]
[PlyCount "78"]

1.e4 c5 2.Nf3 d6 3.d4 cxd4 4.Nxd4 Nf6 5.Nc3 a6 6.Bg5 e6 7.f4 Be7 8.Qf3 Qc7
9.O-O-O Nbd7 10.Bd3 h6 11.Bh4 g5 12.fxg5 Ne5 13.Qe2 Nfg4 14.Nf3 hxg5 15.
Bg3 Nxf3 16.gxf3 Ne5 17.f4 gxf4 18.Bxf4 Bd7 19.Rdf1 Rh7 20.h4 O-O-O 21.h5 
Bf6 22.Rh3 Kb8 23.Kb1 b5 24.Bc1 Bh8 25.Rd1 Nxd3 26.Qxd3 Be5 27.Ne2 Bc6 28.
Bf4 Rhh8 29.h6 f6 30.Qe3 Qa7 31.Qxa7+ Kxa7 32.Bxe5 dxe5 33.Rxd8 Rxd8 34.h7
Rh8 35.Ng3 f5 36.exf5 exf5 37.Nxf5 Bd7 38.Rh5 Bxf5 39.Rxf5 Rxh7 1/2-1/2

[Event "4th Banja Luka it"]
[Site "Banja Luka YUG"]
[Date "1981.04.17"]
[Round "4"]
[White "Vukic, Milan"]
[Black "Hausner, Ivan"]
[Result "1/2-1/2"]
[WhiteElo "2505"]
[BlackElo "2460"]
[EventDate "1981.04.14"]
[PlyCount "160"]

1.d4 Nf6 2.c4 e6 3.Nf3 d5 4.g3 dxc4 5.Bg2 c5 6.O-O Nc6 7.Ne5 Nxe5 8.dxe5 
Nd7 9.f4 Qc7 10.Na3 Nb6 11.Nb5 Qb8 12.Be3 Bd7 13.Nd6+ Bxd6 14.exd6 Qc8 15.
Bf2 O-O 16.e4 Bc6 17.Qe2 e5 18.f5 Bb5 19.f6 Rd8 20.Rfd1 Qe6 21.fxg7 Rxd6 
22.Bxc5 Rd3 23.Rf1 Rc8 24.Bb4 Qh6 25.Rf5 Nd7 26.Qf2 f6 27.Qxa7 Qe3+ 28.
Qxe3 Rxe3 29.Kf2 Rd3 30.g4 Kxg7 31.Bf3 Nc5 32.g5 Rd6 33.Bc3 Be8 34.gxf6+ 
Rxf6 35.Rxe5 Nd3+ 36.Ke3 Rxf3+ 37.Kxf3 Nxe5+ 38.Bxe5+ Kf7 39.Ke3 Ke6 40.
Bd4 Bg6 41.a4 Rf8 42.Rc1 Bh5 43.Rxc4 Rf3+ 44.Kd2 Bg6 45.Bb6 Rb3 46.Bd4 
Bxe4 47.Bc3 Bg6 48.a5 Kd7 49.h4 Rb5 50.Ke3 Bf7 51.Rf4 Bg6 52.Rc4 Bf7 53.
Rg4 Bg6 54.Rf4 Kc7 55.Rf6 Rh5 56.Rf4 Rb5 57.Rf8 Kd7 58.b4 Rh5 59.Rf4 Rd5 
60.Bd4 Rf5 61.Rg4 Rd5 62.Bc5 Rd3+ 63.Kf4 Rd5 64.Rg1 Rf5+ 65.Kg4 h5+ 66.Kg3
Bf7 67.Re1 Kc6 68.Re7 Bd5 69.Rh7 Kb5 70.Kh2 Bc6 71.Rh6 Re5 72.Rf6 Be4 73.
Rb6+ Kc4 74.Rd6 Bd5 75.Rf6 Be4 76.Kg1 Rf5 77.Rh6 Kb5 78.Kh2 Bc6 79.Kg1 Be4
80.Rb6+ Kc4 1/2-1/2

[Event "4th Banja Luka it"]
[Site "Banja Luka YUG"]
[Date "1981.04.17"]
[Round "4"]
[White "Sax, Gyula"]
[Black "Bukic, Enver"]
[Result "1-0"]
[WhiteElo "2560"]
[BlackElo "2480"]
[EventDate "1981.04.14"]
[PlyCount "105"]

1.e4 c5 2.Nf3 d6 3.d4 cxd4 4.Nxd4 Nf6 5.Nc3 a6 6.Be3 e5 7.Nb3 Be6 8.Qd2 
Nbd7 9.f3 b5 10.a4 b4 11.Nd5 Bxd5 12.exd5 Nb6 13.Bxb6 Qxb6 14.O-O-O Be7 
15.a5 Qb7 16.g4 O-O 17.Bd3 Rfc8 18.Kb1 Nd7 19.Bf5 g6 20.Be4 Nc5 21.h4 Nxe4
22.fxe4 Rc4 23.Qd3 Rac8 24.Rh2 Qd7 25.Rg1 Bf8 26.h5 Bg7 27.Qf3 Qc7 28.Rgg2
Qe7 29.g5 Qd7 30.Rf2 R8c7 31.Rh4 Qc8 32.Qg2 Qd8 33.Rh1 Qc8 34.Qh2 Kf8 35.
hxg6 hxg6 36.Qh7 Qd8 37.Qxg6 Rxc2 38.Rf3 Rg2 39.Rhf1 Qe7 40.Rxf7+ Qxf7 41.
Qxd6+ Kg8 42.Rxf7 Rxf7 43.Qe6 Rxg5 44.d6 Rg1+ 45.Ka2 Rg3 46.Qd5 Bf6 47.d7 
Rg2 48.d8=Q+ Bxd8 49.Qxd8+ Kh7 50.Nd2 Rff2 51.Nc4 Rf3 52.Qe7+ Kg8 53.Qxb4 
1-0

[Event "4th Banja Luka it"]
[Site "Banja Luka YUG"]
[Date "1981.04.19"]
[Round "5"]
[White "Mihaljcisin, Mihajlo"]
[Black "Filipovic, Branko"]
[Result "0-1"]
[WhiteElo "2325"]
[BlackElo "2215"]
[EventDate "1981.04.14"]
[PlyCount "86"]

1.e4 Nf6 2.e5 Nd5 3.d4 d6 4.Bc4 Nb6 5.Bb3 Bf5 6.Nf3 e6 7.O-O Be7 8.Qe2 d5 
9.Be3 N8d7 10.Nbd2 O-O 11.Rac1 Kh8 12.Rfe1 g5 13.Kh1 Rg8 14.Rg1 g4 15.Ne1 
f6 16.c4 c6 17.f4 fxe5 18.fxe5 dxc4 19.Nxc4 Nd5 20.Bc2 Nf8 21.Rf1 Qd7 22.
Rd1 Ng6 23.Bh6 Nh4 24.Ne3 Nxe3 25.Bxe3 Bxc2 26.Nxc2 Nf5 27.Bf4 Qd5 28.b3 
Raf8 29.Qd3 Rd8 30.Qc4 h5 31.Rd2 Rgf8 32.Kg1 c5 33.Qxd5 Rxd5 34.Rfd1 cxd4 
35.g3 Rc8 36.Kf2 a5 37.Kf1 Bc5 38.Ne1 Ne3+ 39.Bxe3 dxe3 40.Rxd5 Rf8+ 41.
Ke2 Rf2+ 42.Kd3 exd5 43.Nc2 d4 0-1

[Event "4th Banja Luka it"]
[Site "Banja Luka YUG"]
[Date "1981.04.19"]
[Round "5"]
[White "Cebalo, Miso"]
[Black "Farago, Ivan"]
[Result "0-1"]
[WhiteElo "2510"]
[BlackElo "2535"]
[EventDate "1981.04.14"]
[PlyCount "96"]

1.c4 Nf6 2.Nf3 e6 3.d4 d5 4.Nc3 c5 5.cxd5 Nxd5 6.e4 Nxc3 7.bxc3 cxd4 8.
cxd4 Nc6 9.Be2 Bb4+ 10.Bd2 Bxd2+ 11.Qxd2 O-O 12.O-O e5 13.d5 Bg4 14.dxc6 
Qxd2 15.Nxd2 Bxe2 16.Rfe1 Ba6 17.cxb7 Bxb7 18.Rac1 Rac8 19.Nc4 Rfd8 20.f3 
f6 21.Na5 Ba6 22.Nb3 Bc4 23.Rc3 Be6 24.Rec1 Rxc3 25.Rxc3 Rc8 26.Rd3 h5 27.
Rd6 Kf7 28.Ra6 Rc7 29.h4 Ke7 30.Kf2 Bc4 31.Ra5 Kd6 32.Nd2 Bf7 33.Ke2 Kc6 
34.Kd1 Kb6 35.Ra3 Kb5 36.Nb1 Kb4 37.Ra6 Bc4 38.Ra3 a5 39.Kd2 a4 40.Kd1 Rc8
41.Kd2 Rg8 42.g4 Rh8 43.gxh5 Rxh5 44.Rc3 Bxa2 45.Na3 Bb3 46.Nc2+ Bxc2 47.
Rxc2 g5 48.Rb2+ Ka5 0-1

[Event "4th Banja Luka it"]
[Site "Banja Luka YUG"]
[Date "1981.04.19"]
[Round "5"]
[White "Hausner, Ivan"]
[Black "Sax, Gyula"]
[Result "1/2-1/2"]
[WhiteElo "2460"]
[BlackElo "2560"]
[EventDate "1981.04.14"]
[PlyCount "34"]

1.d4 Nf6 2.c4 c5 3.Nf3 cxd4 4.Nxd4 e5 5.Nb5 d5 6.cxd5 Bc5 7.e3 O-O 8.N5c3 
e4 9.Nd2 Re8 10.g3 Bf5 11.Bg2 Nbd7 12.O-O Rc8 13.Nb3 Bg4 14.Qc2 Bb4 15.Nd4
Nb6 16.Bd2 Qd7 17.Rfc1 h5 1/2-1/2

[Event "4th Banja Luka it"]
[Site "Banja Luka YUG"]
[Date "1981.04.19"]
[Round "5"]
[White "Tseshkovsky, Vitaly"]
[Black "Vukic, Milan"]
[Result "1-0"]
[WhiteElo "2530"]
[BlackElo "2505"]
[EventDate "1981.04.14"]
[PlyCount "97"]

1.e4 c5 2.Nf3 e6 3.d4 cxd4 4.Nxd4 Nf6 5.Nc3 Nc6 6.Ndb5 d6 7.Bf4 e5 8.Bg5 
a6 9.Na3 b5 10.Nd5 Be7 11.Bxf6 Bxf6 12.c3 O-O 13.Nc2 Bg5 14.a4 bxa4 15.
Rxa4 a5 16.Bc4 Rb8 17.Ra2 Kh8 18.Nce3 Ne7 19.O-O Nxd5 20.Nxd5 f5 21.exf5 
Bxf5 22.Qe2 Be6 23.Rd1 Rc8 24.Ra3 Rc6 25.Ba2 Rc8 26.Ne3 Bxa2 27.Rxa2 Bxe3 
28.Qxe3 Rc5 29.Qxc5 dxc5 30.Rxd8 Rxd8 31.Kf1 Rd1+ 32.Ke2 Rb1 33.Kd3 Kg8 
34.Kc4 Rc1 35.b3 Kf7 36.Rxa5 Rc2 37.Rxc5 Rxf2 38.Rxe5 Rxg2 39.Rh5 Kg6 40.
Rh3 Rb2 41.b4 h5 42.b5 Kh6 43.Kc5 g5 44.b6 g4 45.Rd3 h4 46.Kc6 Rxh2 47.b7 
Rb2 48.Rd6+ Kh7 49.Rd4 1-0

[Event "4th Banja Luka it"]
[Site "Banja Luka YUG"]
[Date "1981.04.20"]
[Round "6"]
[White "Vukic, Milan"]
[Black "Lakic, Nikola"]
[Result "1/2-1/2"]
[WhiteElo "2505"]
[BlackElo "2355"]
[EventDate "1981.04.14"]
[PlyCount "162"]

1.d4 Nf6 2.c4 e6 3.Nf3 d5 4.g3 dxc4 5.Qa4+ Nbd7 6.Bg2 a6 7.Nc3 Rb8 8.Qxc4 
b5 9.Qd3 Bb7 10.O-O b4 11.Na4 Be4 12.Qd1 Bd6 13.Bg5 O-O 14.Rc1 Rb5 15.Qd2 
Qa8 16.b3 Nd5 17.Be3 Rc8 18.Rfd1 Be7 19.Bf1 c5 20.dxc5 Nxe3 21.Qxe3 Nxc5 
22.Nd4 Rbb8 23.Nb2 Bd5 24.f3 h6 25.Qf2 f5 26.e3 Bf6 27.Be2 Kh8 28.Nc4 Rd8 
29.Na5 Rbc8 30.Rc2 Nb7 31.Rxc8 Rxc8 32.Nc4 Qa7 33.Rd2 Rd8 34.Nb2 g6 35.Bc4
e5 36.Nc2 Bxc4 37.Nxc4 a5 38.Rxd8+ Nxd8 39.Qd2 Qa8 40.e4 Bg7 41.Qd7 fxe4 
42.Nd6 Qd5 43.Qxd8+ Kh7 44.Ne3 Qd4 45.Kg2 exf3+ 46.Kxf3 e4+ 47.Kg2 Qxe3 
48.Qc7 Qe2+ 49.Kh3 Qf1+ 50.Kh4 Qe2 51.Kh3 Qf1+ 52.Kh4 Qg2 53.Nxe4 Qxh2+ 
54.Kg4 Qh5+ 55.Kf4 Qf5+ 56.Ke3 Qe5 57.Qd8 h5 58.Kd3 Kh6 59.Qb6 Qd5+ 60.Ke3
Be5 61.Qa7 Qd1 62.Qc5 Qg1+ 63.Kf3 Qxc5 64.Nxc5 Kg5 65.Ne4+ Kf5 66.Nf2 Ke6 
67.g4 Kd5 68.gxh5 gxh5 69.Nd3 h4 70.Kg4 Bd4 71.Kf3 Be5 72.Kg4 Bc3 73.Kxh4 
Kd4 74.Nf4 Ke3 75.Nd5+ Kd3 76.Kg4 Bd4 77.Kf4 Kc2 78.Ke4 Bc5 79.Nf4 Kb1 80.
Nd3 Bb6 81.Kd5 Kc2 1/2-1/2

[Event "4th Banja Luka it"]
[Site "Banja Luka YUG"]
[Date "1981.04.20"]
[Round "6"]
[White "Sax, Gyula"]
[Black "Tseshkovsky, Vitaly"]
[Result "1/2-1/2"]
[WhiteElo "2560"]
[BlackElo "2530"]
[EventDate "1981.04.14"]
[PlyCount "58"]

1.e4 e5 2.Nf3 d6 3.d4 exd4 4.Qxd4 Nf6 5.Bg5 Be7 6.Nc3 O-O 7.O-O-O Nc6 8.
Qd2 a6 9.Kb1 b5 10.Bd3 Ne5 11.Nxe5 dxe5 12.f4 c6 13.fxe5 Ng4 14.Bf4 Bc5 
15.Be2 Qe7 16.Bxg4 Bxg4 17.Rdf1 a5 18.Nd1 b4 19.Ne3 Bxe3 20.Qxe3 a4 21.Qg3
Bh5 22.Qg5 Qxg5 23.Bxg5 Rfe8 24.Bf4 Bg6 25.Re1 f6 26.exf6 gxf6 27.b3 Bxe4 
28.Bd6 f5 29.Re2 Ra5 1/2-1/2

[Event "4th Banja Luka it"]
[Site "Banja Luka YUG"]
[Date "1981.04.20"]
[Round "6"]
[White "Farago, Ivan"]
[Black "Bukic, Enver"]
[Result "1/2-1/2"]
[WhiteElo "2535"]
[BlackElo "2480"]
[EventDate "1981.04.14"]
[PlyCount "42"]

1.d4 Nf6 2.c4 g6 3.Nc3 Bg7 4.e4 d6 5.Nf3 O-O 6.Be2 e5 7.O-O Nc6 8.d5 Ne7 
9.Nd2 a5 10.Rb1 c5 11.a3 Ne8 12.b4 axb4 13.axb4 b6 14.bxc5 bxc5 15.Qb3 f5 
16.Qb6 Nf6 17.Qxd8 Rxd8 18.Nb3 Nxe4 19.Nxe4 fxe4 20.Bg5 Kf7 21.Nd2 h6 
1/2-1/2

[Event "4th Banja Luka it"]
[Site "Banja Luka YUG"]
[Date "1981.04.20"]
[Round "6"]
[White "Mihaljcisin, Mihajlo"]
[Black "Cebalo, Miso"]
[Result "0-1"]
[WhiteElo "2325"]
[BlackElo "2510"]
[EventDate "1981.04.14"]
[PlyCount "146"]

1.e4 e6 2.d4 c5 3.Nf3 cxd4 4.Nxd4 Nf6 5.Nc3 d6 6.Be3 Be7 7.Be2 Nc6 8.O-O 
O-O 9.f4 Qc7 10.Qe1 Nxd4 11.Bxd4 e5 12.fxe5 dxe5 13.Qg3 Bc5 14.Bxc5 Qxc5+ 
15.Kh1 Ne8 16.Rad1 Be6 17.a3 Rc8 18.Bg4 Rc6 19.Bxe6 Rxe6 20.Rd5 Qc7 21.
Rfd1 Nf6 22.R5d2 h5 23.h3 Qc5 24.Qf3 g6 25.Nd5 Kg7 26.c3 Qc4 27.Nxf6 Rxf6 
28.Qe2 Rc8 29.Qxc4 Rxc4 30.Re2 Rc7 31.Kg1 h4 32.Rd5 Re7 33.Rf2 Rc6 34.Re2 
Kh6 35.Kf2 Rf6+ 36.Ke3 Rf1 37.Rf2 Re1+ 38.Re2 Rb1 39.Rd6 Kg5 40.Rd8 Re6 
41.Rd7 Rb6 42.Rdd2 f6 43.Kd3 Rd6+ 44.Kc4 Rxd2 45.Rxd2 Rf1 46.Kd5 Kf4 47.
Re2 g5 48.c4 Rd1+ 49.Ke6 Rd4 50.c5 Rxe4 51.Rc2 Rd4 52.Rf2+ Kg3 53.Rxf6 Rd2
54.Kxe5 Rxb2 55.Rg6 Kxg2 56.Rxg5+ Kxh3 57.Rg7 a5 58.Kf4 a4 59.Rh7 Rb5 60.
Rc7 Kh2 61.Kf3 h3 62.Rd7 Rb3+ 63.Kf2 Rc3 64.Rc7 Rc1 65.Kf3 Rf1+ 66.Ke2 Rf5
67.Rxb7 Rxc5 68.Ra7 Rc4 69.Kf2 Rf4+ 70.Ke3 Kg3 71.Rg7+ Rg4 72.Rc7 h2 73.
Rc1 Kg2 0-1

[Event "4th Banja Luka it"]
[Site "Banja Luka YUG"]
[Date "1981.04.21"]
[Round "7"]
[White "Hausner, Ivan"]
[Black "Farago, Ivan"]
[Result "0-1"]
[WhiteElo "2460"]
[BlackElo "2535"]
[EventDate "1981.04.14"]
[PlyCount "88"]

1.d4 Nf6 2.c4 e6 3.g3 d5 4.Nf3 dxc4 5.Bg2 c5 6.O-O Nc6 7.Ne5 Bd7 8.Nxc6 
Bxc6 9.Bxc6+ bxc6 10.Qa4 cxd4 11.Qxc6+ Nd7 12.Qxc4 Bc5 13.Nd2 O-O 14.Nb3 
Bb6 15.Qa4 e5 16.Bd2 Nf6 17.Ba5 Qc8 18.Bxb6 axb6 19.Qb5 Qh3 20.f3 Qe6 21.
Rfc1 Rad8 22.Rc6 Qh3 23.Nd2 Nd5 24.Rf1 Ne3 25.Rf2 Rc8 26.Nf1 Qd7 27.Rxb6 
Qxb5 28.Rxb5 Rc1 29.a4 f6 30.b4 Rfc8 31.Rc5 R8xc5 32.bxc5 Nd1 33.Rg2 Rxc5 
34.e3 Rc1 35.exd4 Ne3 36.Rf2 exd4 37.a5 d3 38.a6 Nxf1 39.Ra2 Ne3+ 40.Kf2 
Nd1+ 41.Kg2 Rc7 42.Rd2 Ne3+ 43.Kf2 Nc2 44.Rxd3 Ra7 0-1

[Event "4th Banja Luka it"]
[Site "Banja Luka YUG"]
[Date "1981.04.23"]
[Round "8"]
[White "Filipovic, Branko"]
[Black "Vukic, Milan"]
[Result "1-0"]
[WhiteElo "2215"]
[BlackElo "2505"]
[EventDate "1981.04.14"]
[PlyCount "129"]

1.e4 c5 2.Nf3 e6 3.Nc3 Nc6 4.Bb5 Nge7 5.O-O a6 6.Bxc6 Nxc6 7.d4 cxd4 8.
Nxd4 d6 9.Re1 Be7 10.Nxc6 bxc6 11.Qg4 Bf6 12.e5 h5 13.Qg3 dxe5 14.Rd1 Qc7 
15.Ne4 Bb7 16.Bg5 Bxg5 17.Qxg5 f6 18.Qg6+ Kf8 19.Nxf6 Rh6 20.Nh7+ Kg8 21.
Nf6+ Kh8 22.Qxh6+ gxh6 23.Rd7 Qxd7 24.Nxd7 Rd8 25.Nxe5 Rd2 26.Rc1 c5 27.
Nc4 Rd4 28.Ne3 Be4 29.b3 h4 30.h3 Kg7 31.Kf1 Kf6 32.Ke2 Ke7 33.Rd1 Bc6 34.
f3 Rf4 35.Ng4 h5 36.Ne5 Be8 37.Ke3 Rf8 38.Rd2 Rg8 39.c4 a5 40.f4 a4 41.
bxa4 Rg3+ 42.Nf3 Bxa4 43.Kf2 Be8 44.Re2 Kd6 45.Re3 Bc6 46.Nxh4 Rg8 47.a3 
Rb8 48.g4 Rb2+ 49.Kg3 hxg4 50.hxg4 Rc2 51.g5 Rxc4 52.g6 Rc1 53.f5 exf5 54.
Nxf5+ Kc7 55.g7 Bd5 56.Kf4 Kb6 57.Rd3 Ba2 58.Rd8 Rc4+ 59.Kg5 Rc3 60.a4 Ra3
61.Ne7 Rg3+ 62.Kf6 Rf3+ 63.Nf5 Ra3 64.Rd6+ Kc7 65.Re6 1-0

[Event "4th Banja Luka it"]
[Site "Banja Luka YUG"]
[Date "1981.04.23"]
[Round "8"]
[White "Farago, Ivan"]
[Black "Tseshkovsky, Vitaly"]
[Result "0-1"]
[WhiteElo "2535"]
[BlackElo "2530"]
[EventDate "1981.04.14"]
[PlyCount "62"]

1.d4 Nf6 2.c4 g6 3.Nc3 d5 4.Bf4 Bg7 5.e3 c5 6.dxc5 Qa5 7.Rc1 Ne4 8.cxd5 
Nxc3 9.Qd2 Qxa2 10.bxc3 Qa5 11.Bc4 Nd7 12.Ne2 Nxc5 13.O-O Ne4 14.Qc2 Nd6 
15.Bxd6 exd6 16.Qe4+ Kf8 17.Nd4 Bd7 18.Rb1 Qc7 19.Bb5 Re8 20.Qd3 Bf6 21.
Bxd7 Qxd7 22.Rb3 Kg7 23.Rfb1 Re7 24.Rxb7 Qxb7 25.Rxb7 Rxb7 26.Nc6 a5 27.f4
Ra8 28.e4 a4 29.e5 a3 30.exf6+ Kh8 31.Nd8 a2 0-1

[Event "4th Banja Luka it"]
[Site "Banja Luka YUG"]
[Date "1981.04.23"]
[Round "8"]
[White "Mihaljcisin, Mihajlo"]
[Black "Hausner, Ivan"]
[Result "1/2-1/2"]
[WhiteElo "2325"]
[BlackElo "2460"]
[EventDate "1981.04.14"]
[PlyCount "141"]

1.e4 e6 2.d4 c5 3.Nf3 cxd4 4.Nxd4 Nf6 5.Nc3 d6 6.g3 Be7 7.Bg2 O-O 8.O-O a6
9.b3 Qc7 10.Bb2 Bd7 11.Nce2 Rd8 12.c4 Nc6 13.Nc3 Rac8 14.Rc1 Qb8 15.h3 b5 
16.cxb5 Nxd4 17.Qxd4 axb5 18.a3 e5 19.Qb4 Rc5 20.Nd5 Nxd5 21.exd5 Rdc8 22.
f4 Rxc1 23.Bxc1 Bf6 24.Be3 h6 25.g4 Rc2 26.Be4 Re2 27.Bf2 exf4 28.Bd3 Re8 
29.Qxf4 Be5 30.Qf3 Rf8 31.Be3 Qa8 32.Qe4 f5 33.gxf5 Bf6 34.Qb4 Qxd5 35.Be4
Qe5 36.Bf4 Qc5+ 37.Qxc5 dxc5 38.Be3 Re8 39.Bd5+ Kh8 40.Bxc5 Re5 41.Rd1 
Bxf5 42.b4 Bxh3 43.Bc6 Bg4 44.Rd2 Re1+ 45.Kg2 Ra1 46.Bxb5 Rxa3 47.Bc6 Rc3 
48.Ra2 Bf5 49.Bf3 Kh7 50.Bd6 Rb3 51.Bc6 h5 52.b5 Bd3 53.Ra5 h4 54.Bd7 Be4+
55.Kf1 Rd3 56.Ra6 h3 57.Bc6 Bg2+ 58.Bxg2 Rd1+ 59.Kf2 Bh4+ 60.Kf3 Rd3+ 61.
Ke2 hxg2 62.Bh2 Rh3 63.Bg1 Rb3 64.Ra4 Bf6 65.b6 Rb1 66.Kf2 Rxb6 67.Kxg2 
Rb3 68.Ra2 Kg6 69.Bf2 Kf5 70.Bg3 g5 71.Rc2 1/2-1/2

[Event "4th Banja Luka it"]
[Site "Banja Luka YUG"]
[Date "1981.04.24"]
[Round "9"]
[White "Bukic, Enver"]
[Black "Filipovic, Branko"]
[Result "1/2-1/2"]
[WhiteElo "2480"]
[BlackElo "2215"]
[EventDate "1981.04.14"]
[PlyCount "23"]

1.d4 Nf6 2.c4 g6 3.Nf3 Bg7 4.Nc3 d5 5.Qb3 dxc4 6.Qxc4 O-O 7.e4 Na6 8.Be2 
c5 9.d5 e6 10.O-O exd5 11.exd5 Re8 12.h3 1/2-1/2